000 00698nam a22001337a 4500
040 _cRUA
082 _aAGR THA 2010 BO43 Or.1
100 _aTHANN, DARA
245 _aARTHROPOD PESTS AND NATURAL ENEMIES ON CASHEW TREE IN PRASAT SAMBO DISTRICT, KAMPONG THOM PROVINCE,(ប្រភេទសត្វល្អិតចង្រៃ និងមានប្រយោជន៍លើដំណាំស្វាយចន្ទី ណៅស្រុកប្រសាទសំបូរ ខេត្តកំពង់ធំ).
260 _aPHNOM PHEN
_bRUA
_c2010
300 _aXII,73P.
_bILL.
_c29CM.
856 _uhttps://drive.google.com/file/d/1FyR38h9_UGgf-WslN1AfvwAKLPG6WT8K/view?usp=sharing
942 _cAGR
999 _c975
_d975